| 000 | 00642cab a2200217 4500 | ||
|---|---|---|---|
| 001 | ABS44804 | ||
| 008 | 090401t1991 xxu||||| |||| 00| 0 eng d | ||
| 035 | _a(Sirsi) u49141 | ||
| 041 | _aeng | ||
| 100 | _aStearn, J. | ||
| 245 | _aSafe as houses | ||
| 260 | _c1991 | ||
| 350 | _a0 | ||
| 490 |
_aHousing _v27(5) July 1991, 20-43(4) |
||
| 520 | _aCase study of the problems of repairing a Wates prefabricated reinforced concrete house despite a grant under Housing Defects Act 1984 . | ||
| 650 | _aPRC HOUSES | ||
| 650 | _aREPAIR | ||
| 690 | _aBUILDING AND CONSTRUCTION-REPAIRS AND MAINTENANCE | ||
| 942 | _n0 | ||
| 948 | _c04/03/1997 | ||
| 999 |
_c30768 _d30768 |
||